JAKIE RODZAJE ŚWIATEŁ MAMY W SAMOCHODZIE? - Statystyki

Ogólne statystyki
  • Ten quiz został rozwiązany 646 razy
  • Średni wynik to 4 z 6
Statystyki odpowiedzi
Odpowiedź % Poprawnych
MIJANIA
94%
DROGOWE
92%
POZYCYJNE
78%
KIERUNKOWSKAZY
67%
PRZECIWMGŁOWE
62%
STOPU
32%
Nie znaleziono quizów pasujących do podanych kryteriów
Rozkład punktacji
Procent ludzi z każdym wynikiem
Percentyl według liczby udzielonych odpowiedzi
Twoja historia wyników
Nie rozwiązałeś tego quizu